000 00978nam a2200253Ia 4500
999 _c54268
_d54268
001 21324
003 GE_BSU
005 20210911175519.0
008 181216s2017||||ru |||||||||||||| ||rus||
020 _a9785756708509
040 _cGE_BSU
041 _arus
080 _a327(075.8) Ф-42
100 _aФененко, А. В.
_912457
245 _aСовременная история международных отношений 1991-2016 /
_cА. В. Фененко ; Отв. ред. В. А. Веселов.
250 _a2-е издание перераб. и дополн.
264 _aМосква :
_bАспект-Пресс,
_c2017.
300 _a432 стр. ;
_c22 см.
500 _aХронолог-я таблица стр. 417-432
541 _h111 Л.
653 _aСовременная история международных отношений 1991-2016
700 _aВеселов, В. А.
_cОтв. редактор
_912458
942 _cBK
_2udc